| 000 | 00855nam a2200265 a 4500 | ||
|---|---|---|---|
| 008 | |||
| 020 | _a0077079620 (pbk.) | ||
| 049 | _aMAIN | ||
| 090 |
_aQA76.9.S88 _bCRO |
||
| 100 | 1 | _aCrowe, Malcolm K. | |
| 245 | 1 | 0 |
_aConstructing systems and information : _ba process view / _cMalcolm Crowe, Richard Beeby, John Gammack. |
| 260 |
_aLondon : _bMcGraw Hill, _cc1996. |
||
| 300 |
_axiii, 261 p. : _bill. ; _c25 cm. |
||
| 440 | _aMcGraw-Hill information systems, management and strategy series. | ||
| 504 | _aIncludes bibliographical references. | ||
| 500 | _aIncludes index. | ||
| 650 | 0 | _aSystem design. | |
| 700 | 1 | _aBeeby, Richard. | |
| 700 | 1 | _aGammack, John. | |
| 907 |
_a.b10011924 _b18-09-12 _c17-04-03 |
||
| 003 | |||
| 005 | 20230123133125.0 | ||
| 040 | _cNUST | ||
| 942 |
_cBOOKS _kQA76.9.S88 _mCRO |
||
| 999 |
_c143152 _d143152 |
||